000 00647nam a2200217Ia 4500
005 20241129110102.0
008 241129s9999||||xx |||||||||||||| ||und||
020 _a978-1-03-202385-4
037 _aTB
040 _aARTS
_beng
_cARTS
041 _aeng
_2eng
084 _aP:(R) R3
_qARTS
100 _aWolf Michael P. Au.
_9723330
245 0 _aPhilosophy of language: 50 puzzles, paradoxes, and thought experiments
_cWolf Michael P. Au.
260 _aNew York, USA
_bRoutledge
_c2024
300 _axiv,377p.
365 _aUKP
_b34.99
650 _aLinguisticsPhilosophy
_9727153
942 _cTB
_hP:(R) R3
999 _c1227244
_d1227244